Modelové aspekty centralizovanej monetárnej politiky a decentralizovanej fiškálnej politiky dizertačná práca

Salvato in:
Dettagli Bibliografici
Autore principale: Oštrom, Marek
Ente Autore: Fakulta hospodárskej informatiky EU. Katedra operačného výskumu a ekonometrie
Altri autori: Ivaničová, Zlatica
Natura: Libro
Lingua:slovacco
Pubblicazione: Bratislava 2012
Soggetti:
Tags: Aggiungi Tag
Nessun Tag, puoi essere il primo ad aggiungerne!!

MARC

LEADER 00000nbm a2200000 4500
001 0159886
005 20240502072754.6
041 0 |a slo 
044 |a SK 
245 1 0 |a Modelové aspekty centralizovanej monetárnej politiky a decentralizovanej fiškálnej politiky  |b dizertačná práca  |c Marek Oštrom ; školiteľ: Zlatica Ivaničová 
264 1 |a Bratislava  |c 2012 
300 |a 109 s. 
610 2 0 |a výskum operačný 
610 2 0 |a ekonometria 
610 2 0 |a modelovanie ekonometrické 
610 2 0 |a politika fiškálna 
100 1 |a Oštrom, Marek 
700 1 |a Ivaničová, Zlatica 
710 2 |a Fakulta hospodárskej informatiky EU. Katedra operačného výskumu a ekonometrie